00293nam a2200109 a 450000500170000000800410001705000180005810000210007624500370009726000430013444000060017720140414131856.0100828s19uu xx 00 eng d aFILbT13 2009 aVibiesca, Renato aTaho, taho, taho... tahoooieyy!. aManila, Philippines :bLampara,c2009. a